00496nam a22001697a 4500003000400000020001800004082001800022100002400040245010200064250000800166260004700174300000700221650002800228653002500256700002100281700002400302SGT a9786206166511 a617.601bT23S aSrivastava, Rangoli aThe complete guide to Dental Public HEalth bEmpowering communities for lifelong oral well-being  a1st aGermanybLambert Academic Publishingc2023 a70 aPublic Health Dentistry aDental Public Health aTangade, Pradeep aPriyadarshi, Surbhi